| 000 | 00499nam a2200169 i 4500 | ||
|---|---|---|---|
| 001 | 50969 | ||
| 003 | ES-MaACL | ||
| 005 | 20230906162252.0 | ||
| 007 | t| | ||
| 008 | 030807s1962 sp ||||1| spa d | ||
| 100 | 1 |
_aChamson, André. _937938 |
|
| 245 | 1 | 0 |
_aCita de esperanzas / _cpor André Chamson ; [traducción del francés de David Romano]. |
| 260 |
_aBarcelona : _bVergara, _c[1962] |
||
| 300 |
_a190 p. ; _c19 cm. |
||
| 700 | 1 |
_aRomano, David. _999249 |
|
| 852 |
_aES-MaACL _jC-23208 _bR.51792 |
||
| 999 |
_c50969 _d50969 |
||